Tango : (Record no. 71285)

MARC details
000 -LEADER
fixed length control field 00723nam a22002177a 4500
005 - DATE AND TIME OF LATEST TRANSACTION
control field 20150124131134.0
008 - FIXED-LENGTH DATA ELEMENTS--GENERAL INFORMATION
fixed length control field 141125t mx||||| |||| 00| 0 spa d
020 ## - INTERNATIONAL STANDARD BOOK NUMBER
International Standard Book Number 9789685053266
020 ## - INTERNATIONAL STANDARD BOOK NUMBER
International Standard Book Number 968505326X
050 04 - LIBRARY OF CONGRESS CALL NUMBER
Classification number ML3487.A7
Item number S27 2001
100 1# - MAIN ENTRY--PERSONAL NAME
Personal name Sareli, Jorge
245 10 - TITLE STATEMENT
Title Tango :
Remainder of title música sin fronteras /
Statement of responsibility, etc Jorge "Che" Sareli ; edición Guillermo Amador Vargas.
250 ## - EDITION STATEMENT
Edition statement 1a ed.
260 ## - PUBLICATION, DISTRIBUTION, ETC. (IMPRINT)
Place of publication, distribution, etc México :
Name of publisher, distributor, etc Fundación Ingeniero Alejo Peralta y Díaz Ceballos,
Date of publication, distribution, etc 2001
300 ## - PHYSICAL DESCRIPTION
Extent 218 p. :
Other physical details il. ;
Dimensions 23 cm.
504 ## - BIBLIOGRAPHY, ETC. NOTE
Bibliography, etc Incluye bibliografía e índice
650 #4 - SUBJECT ADDED ENTRY--TOPICAL TERM
Topical term or geographic name as entry element Música popular
Geographic subdivision Argentina
650 #7 - SUBJECT ADDED ENTRY--TOPICAL TERM
Source of heading or term LEMB
Topical term or geographic name as entry element Tango (baile)
Geographic subdivision Argentina
700 1# - ADDED ENTRY--PERSONAL NAME
Personal name Amador Vargas, Guillermo,
Relator term ed.
942 ## - ADDED ENTRY ELEMENTS (KOHA)
Source of classification or shelving scheme Biblioteca del Cogreso de los Estados Unidos
Koha item type Libro
Holdings
Estado de pérdida Fuente de clasificación Estado del daño No para préstamo Ubicación permanente Ubicación actual Apartado o colección Fecha de adquisición Fuente de adquisición Dependencia de educación superior (DES) Área del conocimiento Clasificación Código de Barras Date last seen Número de copia Tipo de recurso
  Biblioteca del Cogreso de los Estados Unidos     Biblioteca de la Facultad de Bellas Artes Biblioteca de la Facultad de Bellas Artes General 25/11/2014       ML3487.A7 S27 2001 BBA000001893 16/01/2015 1 Libro
  Biblioteca del Cogreso de los Estados Unidos     Biblioteca de la Facultad de Bellas Artes Biblioteca de la Facultad de Bellas Artes General 25/11/2014       ML3487.A7 S27 2001 BBA000001894 16/01/2015 2 Libro
  Biblioteca del Cogreso de los Estados Unidos     Biblioteca de la Facultad de Bellas Artes Biblioteca de la Facultad de Bellas Artes General 25/11/2014       ML3487.A7 S27 2001 BBA000001895 16/01/2015 3 Libro